Copper in chemical plant. (Record no. 548747)
[ view plain ]
| 000 -LEADER | |
|---|---|
| fixed length control field | 00568cam a22001811i 4500 |
| 082 ## - DEWEY DECIMAL CLASSIFICATION NUMBER | |
| Classification number | 669.3 |
| Author Mark | COP |
| 110 2# - MAIN ENTRY--CORPORATE NAME | |
| Corporate name or jurisdiction name as entry element | Copper Development Association, London. |
| 9 (RLIN) | 45161 |
| 245 10 - TITLE STATEMENT | |
| Title | Copper in chemical plant. |
| 260 ## - PUBLICATION, DISTRIBUTION, ETC. | |
| Place of publication, distribution, etc. | London : |
| Name of publisher, distributor, etc. | The Association, |
| Date of publication, distribution, etc. | 1936. |
| 300 ## - PHYSICAL DESCRIPTION | |
| Extent | 5 p. l., 7-69 p. : |
| Other physical details | ill., plates. ; |
| Dimensions | 22 cm. |
| 500 ## - GENERAL NOTE | |
| General note | "C. D. A. publication no. 23, 1936." |
| 526 ## - STUDY PROGRAM INFORMATION NOTE | |
| Program name | 0 |
| Interest level | 0 |
| Reading level | 0 |
| Title point value | 669_300000000000000_COP |
| 650 #0 - SUBJECT ADDED ENTRY--TOPICAL TERM | |
| Topical term or geographic name entry element | Chemical apparatus. |
| 9 (RLIN) | 45162 |
| 650 #0 - SUBJECT ADDED ENTRY--TOPICAL TERM | |
| Topical term or geographic name entry element | Chemical engineering. |
| 9 (RLIN) | 7282 |
| 650 #0 - SUBJECT ADDED ENTRY--TOPICAL TERM | |
| Topical term or geographic name entry element | Copper. |
| 9 (RLIN) | 40949 |
| 650 #0 - SUBJECT ADDED ENTRY--TOPICAL TERM | |
| Topical term or geographic name entry element | MCE |
| 9 (RLIN) | 379 |
| 942 ## - ADDED ENTRY ELEMENTS (KOHA) | |
| Source of classification or shelving scheme | |
| Koha item type | Book |
| Withdrawn status | Lost status | Source of classification or shelving scheme | Damaged status | Not for loan | Permanent Location | Current Location | Date acquired | Total Checkouts | Full call number | Barcode | Date last seen | Date last checked out | Price effective from | Koha item type |
|---|---|---|---|---|---|---|---|---|---|---|---|---|---|---|
| Military College of Engineering (MCE) | Military College of Engineering (MCE) | 09/05/2014 | 1 | 669.3 COP | MCE-37 | 09/10/2014 | 09/10/2014 | 09/05/2014 | Book |
